00460nam a2200181 a 4500001001300000003000900013005001700022008004100039020000900080082001800089100002200107245005200129260002700181300000900208500003500217505001700252650000900269nice12345678IN_TiNIC20260116014445.0050524s2004 bana grp 000 0 eng  ac7500a362.1969bPRA aPrabhakar, Samson aHiv/aidsb a Challenge to Theological Education aBanglorebBtesscc2004 a148p aincludes index and biblioraphy2 aBibliography aAids